Test de Rapidité - Lettre "Q" - Statistiques

Statistiques générales
  • Ce quiz a été pris 742 fois
  • Le résultat moyen est 92 sur 100
Statistiques - réponses
Lettre "Q" % Correct
Q
100%
Q
100%
Q
100%
Q
99%
Q
99%
Q
99%
Q
98%
Q
98%
Q
98%
Q
98%
Q
98%
Q
98%
Q
97%
Q
97%
Q
97%
Q
97%
Q
97%
Q
97%
Q
97%
Q
97%
Q
97%
Q
97%
Q
97%
Q
97%
Q
97%
Q
97%
Q
97%
Q
97%
Q
96%
Q
96%
Q
96%
Q
96%
Q
95%
Q
95%
Q
95%
Q
95%
Q
95%
Q
95%
Q
95%
Q
95%
Q
95%
Q
95%
Q
95%
Q
95%
Q
95%
Q
95%
Q
95%
Q
95%
Q
95%
Q
94%
Q
94%
Q
94%
Q
94%
Q
94%
Q
94%
Q
94%
Q
94%
Q
93%
Q
93%
Q
93%
Q
93%
Q
93%
Q
93%
Q
93%
Q
92%
Q
92%
Q
92%
Q
92%
Q
92%
Q
92%
Q
92%
Q
91%
Q
91%
Q
91%
Q
91%
Q
90%
Q
90%
Q
89%
Q
89%
Q
88%
Q
88%
Q
87%
Q
86%
Q
86%
Q
86%
Q
84%
Q
83%
Q
83%
Q
82%
Q
81%
Q
80%
Q
80%
Q
79%
Q
79%
Q
78%
Q
77%
Q
76%
Q
75%
Q
73%
Q
73%
Aucun quiz correspondant
Distribution des résultats
% des personnes avec chaque résultat
Percentile par nombre de réponses
Votre historique - résultats
Vous n’avez pas pris ce quiz